LEADER 03157nam 2200601 a 450 001 9910455685303321 005 20200520144314.0 010 $a0-8147-8441-0 010 $a0-585-42498-5 024 7 $a10.18574/9780814784419 035 $a(CKB)111056486728316 035 $a(EBL)865937 035 $a(OCoLC)782878067 035 $a(SSID)ssj0000141048 035 $a(PQKBManifestationID)11150419 035 $a(PQKBTitleCode)TC0000141048 035 $a(PQKBWorkID)10054973 035 $a(PQKB)10074889 035 $a(MiAaPQ)EBC865937 035 $a(OCoLC)50760659 035 $a(MdBmJHUP)muse10373 035 $a(DE-B1597)546834 035 $a(DE-B1597)9780814784419 035 $a(Au-PeEL)EBL865937 035 $a(CaPaEBR)ebr10032539 035 $a(OCoLC)1163878181 035 $a(EXLCZ)99111056486728316 100 $a19980603d1998 uy 0 101 0 $aeng 135 $aur|n|---||||| 181 $ctxt 182 $cc 183 $acr 200 10$aDouble jeopardy$b[electronic resource] $ethe history, the law /$fGeorge C. Thomas III 210 $aNew York $cNew York University Press$dc1998 215 $a1 online resource (363 p.) 300 $aDescription based upon print version of record. 311 $a0-8147-8233-7 320 $aIncludes bibliographical references (p. 331-340) and index. 327 $tThe road back to Blackstone : an overview of the argument --$tDouble jeopardy policy and history --$tStandard double jeopardy approaches --$t"Life or limb" blameworthiness --$tSingular/distinct blameworthiness --$tBringing coherence to same-offense doctrine --$tUnifying same-offense theory : a blameworthiness test of collateral estoppel --$tSecond jeopardies : a fresh look at Blackstone's solution --$tThe role of legislative intent in determining the end of jeopardy --$tA final defense : a bill of particulars and an answer. 330 $aIn the first book-length book on the subject in over a quarter century, George C. Thomas III advances an integrated theory of double jeopardy law, a theory anchored in historical, doctrinal, and philosophical method. Despite popular belief, double jeopardy has never been a limitation on the legislature. It functions instead to keep prosecutors and judges from imposing more than one criminal judgment for the same offense. Determining when seemingly different offenses constitute the "same offense" is no easy task. Nor is it always easy to determine when a defendant has suffered more than one criminal judgment. Tracing American double jeopardy doctrine back to twelfth century English law, the book develops a jurisprudential account of double jeopardy that recognizes the central role of the legislature in creating criminal law blameworthiness. 606 $aDouble jeopardy$zUnited States$xHistory 608 $aElectronic books. 615 0$aDouble jeopardy$xHistory. 676 $a345.73/04 700 $aThomas$b George C$g(George Conner),$f1947-$0978476 801 0$bMiAaPQ 801 1$bMiAaPQ 801 2$bMiAaPQ 906 $aBOOK 912 $a9910455685303321 996 $aDouble jeopardy$92490413 997 $aUNINA LEADER 04446nam 22006854a 450 001 9910971111803321 005 20250609111430.0 010 $a9786610204878 010 $a1-59124-820-5 010 $a1-280-20487-7 024 7 $a10.1007/0-306-46945-6 035 $a(CKB)111056485445092 035 $a(EBL)3035341 035 $a(SSID)ssj0000071356 035 $a(PQKBManifestationID)11110004 035 $a(PQKBTitleCode)TC0000071356 035 $a(PQKBWorkID)10090614 035 $a(PQKB)10087242 035 $a(DE-He213)978-0-306-46945-9 035 $a(OCoLC)55663958 035 $a(MiAaPQ)EBC3035341 035 $a(PPN)237935376 035 $a(MiAaPQ)EBC196900 035 $a(EXLCZ)99111056485445092 100 $a19991103d2000 uy 0 101 0 $aeng 135 $aur|n|---||||| 181 $ctxt 182 $cc 183 $acr 200 10$aActivation and catalytic reactions of saturated hydrocarbons in the presence of metal complexes /$fby Alexander E. Shilov and Georgiy B. Shul'pin 205 $a1st ed. 2000. 210 $aDordrecht ;$aBoston $cKluwer Academic Publishers$dc2000 215 $a1 online resource (551 p.) 225 1 $aCatalysis by metal complexes ;$vv. 22 300 $aDescription based upon print version of record. 311 08$a0-7923-6101-6 311 08$a0-306-46945-6 320 $aIncludes bibliographical references and index. 327 $aProcesses of C-H Bond Activation -- Hydrocarbon Transformations That do not Involve Metals or Their Compounds -- Heterogeneous Hydrocarbon Reactions with Participation of Solid Metals and Metal Oxides -- Activation of C-H Bonds by Low-valent Metal Complexes (?The Organometallic Chemistry?) -- Hydrocarbon Activation by Metal Ions, Atoms, and Complexes in the Gas Phase and in a Matrix -- Mechanisms of C-H Bond Splitting by Low-valent Metal Complexes -- Activation of Hydrocarbons by Platinum Complexes -- Hydrocarbon Reactions with High-valent Metal Complexes -- Homogeneous Catalytic Oxidation of Hydrocarbons by Molecular Oxygen -- Homogeneous Catalytic Oxidation of Hydrocarbons by Peroxides and Other Oxygen Atom Donors -- Oxidation in Living Cells and its Chemical Models. 330 $ahemistry is the science about breaking and forming of bonds between atoms. One of the most important processes for organic chemistry is breaking bonds C?H, as well as C?C in various compounds, and primarily, in hydrocarbons. Among hydrocarbons, saturated hydrocarbons, alkanes (methane, ethane, propane, hexane etc. ), are especially attractive as substrates for chemical transformations. This is because, on the one hand, alkanes are the main constituents of oil and natural gas, and consequently are the principal feedstocks for chemical industry. On the other hand, these substances are known to be the less reactive organic compounds. Saturated hydrocarbons may be called the ?noble gases of organic chemistry? and, if so, the first representative of their family ? methane ? may be compared with extremely inert helium. As in all comparisons, this parallel between noble gases and alkanes is not fully accurate. Indeed the transformations of alkanes, including methane, have been known for a long time. These reactions involve the interaction with molecular oxygen from air (burning ? the main source of energy!), as well as some mutual interconversions of saturated and unsaturated hydrocarbons. However, all these transformations occur at elevated temperatures (higher than 300?500 °C) and are usually characterized by a lack of selectivity. The conversion of alkanes into carbon dioxide and water during burning is an extremely valuable process ? but not from a chemist viewpoint. 410 0$aCatalysis by metal complexes ;$vv. 22. 606 $aAlkanes 606 $aActivation (Chemistry) 606 $aMetal complexes 606 $aCatalysis 615 0$aAlkanes. 615 0$aActivation (Chemistry) 615 0$aMetal complexes. 615 0$aCatalysis. 676 $a547/.4110459 700 $aShilov$b A. E$g(Aleksandr Evgenevich),$f1930-$01823108 701 $aShulpin$b G. B$g(Georgii Borisovich)$01823109 801 0$bMiAaPQ 801 1$bMiAaPQ 801 2$bMiAaPQ 906 $aBOOK 912 $a9910971111803321 996 $aActivation and catalytic reactions of saturated hydrocarbons in the presence of metal complexes$94389587 997 $aUNINA LEADER 01882nas 2200601-a 450 001 9910154541203321 005 20241120173229.0 011 $a1748-6653 035 $a(DE-599)ZDB2380753-2 035 $a(CKB)1000000000277948 035 $a(CONSER)--2007206092 035 $a(EXLCZ)991000000000277948 100 $a20070514a20079999 --- - 101 0 $aeng 181 $ctxt$2rdacontent 182 $cc$2rdamedia 183 $acr$2rdacarrier 200 00$aJournal of neuropsychology 210 $aLeicester, UK $cBritish Psychological Society$d©2007- 210 3 $aChichester $cWiley-Blackwell 215 $a1 online resource 300 $aRefereed/Peer-reviewed 311 08$aPrint version: Journal of neuropsychology. (DLC) 2007206092 (OCoLC)126835331 1748-6645 517 3 $aNeuropsychology 531 $aJ NEUROPSYCHOL 531 $aJ. NEUROPSYCHOL 606 $aNeuropsychology$vPeriodicals 606 $a77.50 psychophysiology$3(NL-LeOCL)07759794X$2bcl 606 $aNeuropsychology$2fast$3(OCoLC)fst01036493 606 $aNeuropsychologie$2gtt 606 $aNeuropsychologie$2ram 606 $aNervous System Diseases$xpsychology 608 $aperiodicals.$2aat 608 $aPeriodicals.$2fast 608 $aPeriodicals.$2lcgft 608 $aPériodiques.$2rvmgf 608 $aPeriodical. 615 0$aNeuropsychology 615 7$a77.50 psychophysiology. 615 7$aNeuropsychology. 615 17$aNeuropsychologie. 615 17$aNeuropsychologie. 615 12$aNervous System Diseases$xpsychology. 676 $a612.82305 686 $a77.50$2bcl 686 $a5,2$2ssgn 686 $a150$a610$a260$a870$2zdbs 712 02$aBritish Psychological Society. 906 $aJOURNAL 912 $a9910154541203321 920 $aexl_impl conversion 996 $aJournal of neuropsychology$92127823 997 $aUNINA